[Event "Candidates Tournament"]
[Site "Khanty-Mansiysk"]
[Date "2014.03.26"]
[Round "11"]
[White "Topalov, Veselin"]
[Black "Karjakin, Sergey"]
[Result "1/2-1/2"]
[WhiteElo "2785"]
[BlackElo "2766"]
[Annotator "Marin,M"]
[PlyCount "114"]
[EventDate "2014.03.13"]
[EventType "tourn"]
[EventRounds "14"]
[EventCountry "RUS"]
[EventCategory "21"]
[SourceTitle "CBM 160"]
[Source "ChessBase"]
[SourceDate "2014.05.15"]
[SourceVersion "1"]
[SourceVersionDate "2014.05.15"]
[SourceQuality "1"]
[TimeControl "40/7200:20/3600:900+30"]
[WhiteClock "0:59:26"]
[BlackClock "0:56:56"]

1. Nf3 {[%emt 0:00:05]} Nf6 {[%emt 0:00:08]} 2. c4 {[%emt 0:00:05]} b6 {
[%emt 0:00:16]} 3. g3 {[%emt 0:00:12]} c5 {[%emt 0:00:08]} 4. Bg2 {[%emt 0:00:
05]} Bb7 {[%emt 0:00:05]} 5. O-O {[%emt 0:00:10]} g6 {[%emt 0:00:08]} 6. d4 {
[%emt 0:00:11]} cxd4 {[%emt 0:00:06]} 7. Qxd4 {[%emt 0:00:04]} Bg7 {[%emt 0:00:
21]} 8. Nc3 {[%emt 0:00:22]} d6 {[%emt 0:00:25]} 9. Rd1 {[%emt 0:00:09]} Nbd7 {
[%emt 0:00:10]} 10. Be3 {[%emt 0:00:10]} Rc8 {[%emt 0:00:22]} 11. Rac1 {
[%emt 0:00:37]} a6 {[%emt 0:00:22]} 12. b3 {[%emt 0:00:15]} O-O {[%emt 0:00:13]
} 13. Qh4 {[%emt 0:00:09]} Rc7 {[%emt 0:00:29] The most popular move.} ({
Something might have bothered Karjakin during this game, though, since
slightly later, in two of his games from the Gashimov Memorial, he switched to
} 13... Re8) 14. g4 $5 {[%emt 0:00:18] An ambitious move, aiming to weaken
Black's control over the d5-square and gain kingside space. Its drawback is
that the queen might have problems getting back into the play properly after
g4-g5, ...Nh5.} (14. Bh3 {Meier,G (2668)-Danin,A (2556) Dresden 2012 EXT 2014 
[Gutman,L] (1-0, 38)}) (14. Bh6 {Karpov,A (2688)-Gelfand,B (2704) Cap d'Agde
2002 CBM 092 [Stohl,I] (0-1, 40)}) 14... Rc8 {[%emt 0:02:21] Typical for
modern chess. Black willingly loses two tempi, considering that g3-g4-g5
rather weakens White's position.} (14... h6 {Kramnik,V (2751)-Karpov,A (2710)
Dos Hermanas 1999 CBM 071 [Stohl,I] (1/2-1/2, 33)}) (14... Qa8 15. g5 Ne4 (
15... Nh5 16. Nd5 Bxd5 17. cxd5 Rxc1 18. Rxc1 $5 {[%cal Gf3d4,Gd4c6]} Qxd5 19.
Rc7 $36) 16. Nd5 Bxd5 17. Rxd5 Nec5 {Weber,U (2413)-Eingorn,V (2562) Bad
Wiessee 2010 (1/2-1/2, 44)} 18. Rd2 Qb8 19. Nd4 Rfc8 20. Rdc2 $14) (14... b5
15. g5 Nh5 16. Nd5 Rc8 (16... Bxd5 17. cxd5 Rxc1 18. Rxc1 Qa5 {Hamdouchi,H 
(2535)-Solozhenkin,E (2506) France 2001 (1/2-1/2, 24)} 19. Rc2 $16 {[%cal
Ge3d2,Gf3d4,Gd4c6]}) 17. Nd4 bxc4 18. Nxe7+ Qxe7 19. Bxb7 $16 {Kraai,J (2514)
-Browne,W (2449) San Francisco 2012 (1-0, 38)}) 15. g5 $146 {[%emt 0:00:07]} ({
Karjakin had faced} 15. Bh3 b5 16. cxb5 (16. g5 Nh5 {would transpose to the
analysis below.}) 16... Qa5 17. Bd2 Bxf3 18. exf3 axb5 19. g5 b4 20. gxf6 ({
In a later move White deviated with the more consistent} 20. Na4 Ne5 21. Bg2
Nd5 22. f4 Nd7 $13 {Banusz,T (2593)-Sargissian,G (2676) Warsaw 2013 (1/2-1/2,
53)}) 20... Bxf6 21. Qe4 bxc3 22. Bxd7 Rcd8 23. Bxc3 Bxc3 24. Qxe7 d5 25. Bb5
d4 $44 {Jakovenko,D (2729)-Karjakin,S (2766) Sochi 2012 CBM 148 [Karjakin,S] 
(0-1, 53)}) 15... Nh5 {[%emt 0:00:34]} 16. Ne4 {[%emt 0:00:10]} (16. Bh3 b5 {
Despite the strong pressure in the centre, White has no constructive way of
taking the initiative.} 17. c5 {After this resolute move, Black can sacrifice
the exchange and even the queen. The justification is always that the white
queen has restricted mobility.} (17. Nd2 {[%cal Gh3g4]} Be5 {[%cal Gh5g7]} 18.
f4 Bxc3 $5 19. Rxc3 Qa5 20. Rc2 Rc7 21. f5 Ne5 {It is not entirely clear yet
if White can use his dark-squared bishop for attacking purposes, while
otherwise Black is doing fine.}) 17... Rxc5 $1 18. Bxc5 Nxc5 19. Nd5 (19. Nxb5
{can be met in many ways, but I prefer:} axb5 20. Rxc5 dxc5 21. Rxd8 Rxd8 $44
22. Bf1 Bxf3 23. exf3 Rd4 24. Qh3 e6 $44 {[%csl Gh3]} 25. Bxb5 $2 Rd1+ 26. Bf1
Nf4 27. Qg4 Be5 $19 28. a4 h5 29. gxh6 Kh7 30. a5 f5 31. Qh4 g5 32. Qxg5 Nh3+)
19... e6 20. Rxc5 dxc5 21. Nf6+ Bxf6 22. Rxd8 Bxd8 $44 {[%cal Gh7h6]}) 16...
Rc7 {[%emt 0:24:28][%cal Gd8a8] The rook returns to this square after the
circumstances have changed. It took Karjakin nearly half an hour to decide
upon this move, quite understandably.} (16... Bb2 17. Rc2 Bh8 {Hoping to
transfer the knight to f5, but sadly this is not possible.} 18. Ng3 Ng7 $6 19.
Ne5 $1 Bxg2 20. Ng4 $1 $16 {[%csl Gg8][%cal Gg4h6]}) (16... Qc7 17. Ng3 $14)
17. Ng3 {[%emt 0:00:06]} Nxg3 {[%emt 0:00:36]} 18. hxg3 $14 {[%emt 0:00:04]
White has improved his positon and has some potential threats along the h-file}
Qa8 {[%emt 0:03:02]} 19. Ne1 {[%emt 0:10:28]} ({The straightforward} 19. Kh2
Rfc8 20. Rh1 b5 21. Kg1 Nf8 {does not yield anything. As we will see, Topalov
intended to make use of the h-file in another way.}) (19. Bh3 $5 Bxf3 (19...
Nc5 20. Nd4 $14) 20. exf3 Ne5 21. Bg2 Nxf3+ 22. Bxf3 Qxf3 23. Bxb6 Rc6 24. Be3
$14 {[%cal Gh4h1,Gd1d5,Gd5a5]}) 19... Nc5 {[%emt 0:17:20]} 20. Qh1 {[%emt 0:02:
08] Cornering the queen is typical for openings with reduced space. For
instance, Black sometimes resorts to this kind of regrouping. As a recent
example we can take the third game from the Carlsen-Anand match. But in that
game, too, Black had no space at all and this regrouping was some sort of
desperate way of staying in the game. And yet, Topalov's move is strong, since
despite his space advantage, the queen needed redeploying.} Rfc8 {[%emt 0:08:
13]} 21. Bxb7 $6 {[%emt 0:07:44] It is always a good question what to do when
bishops are in tension this way. In this case, I feel that releasing the
tension only helps Black improve his position slightly. Mainly, it allows him
to defend the b6-pawn.} ({I would prefer carrying out the same plan as in the
game without exchanging bishops. Let Black do it!} 21. Nd3 Nxd3 22. exd3 b5 (
22... Bxg2 23. Qxg2 Qxg2+ 24. Kxg2 Rb7 25. a4 f6 26. gxf6 Bxf6 {White is a
couple of tempi ahead of the game position, which he can exploit with, say,}
27. g4 h5 28. Rh1 hxg4 29. Kg3 $14) 23. Bxb7 Rxb7 24. d4 bxc4 25. Rxc4 Rbb8 (
25... Rxc4 26. bxc4 Rb8 27. Qxa8 Rxa8 28. Rb1 Rc8 29. c5 $14) 26. Qxa8 Rxa8 27.
Rdc1 Rxc4 28. Rxc4 $14) 21... Qxb7 {[%emt 0:00:44]} 22. Qxb7 {[%emt 0:00:58]}
Rxb7 {[%emt 0:00:05]} 23. Nd3 {[%emt 0:12:40][%cal Gd3b4,Gb4d5]} Nxd3 {[%emt 0:
17:12]} (23... a5 24. Nf4 $14) 24. exd3 {[%emt 0:00:38]} f6 $132 {[%emt 0:01:
06] Black gradually solves his problems now.} 25. gxf6 {[%emt 0:01:05]} Bxf6 {
[%emt 0:00:08]} 26. a4 $5 {[%emt 0:02:36][%csl Rb6,Ge3]} h5 {[%emt 0:00:48]} (
26... a5 27. Kg2 h5 28. g4 $5) 27. b4 {[%emt 0:03:23]} Kf7 {[%emt 0:00:49]} 28.
Kg2 {[%emt 0:01:01]} Ke6 {[%emt 0:10:21]} 29. Kf3 {[%emt 0:07:50]} (29. g4 $2
hxg4 30. Kg3 Kf5 $15) 29... Rf8 {[%emt 0:03:56]} 30. Ke2 {[%emt 0:02:16]} Kf5 {
[%emt 0:05:37]} 31. f3 {[%emt 0:00:47]} g5 $1 {[%emt 0:01:51] The game has not
gone White's way. Black is absolutely fine.} 32. Rh1 {[%emt 0:03:18]} Kg6 {
[%emt 0:02:03]} (32... h4 33. Kf2) 33. Rc2 {[%emt 0:03:41]} e5 {[%emt 0:01:23]}
34. b5 {[%emt 0:06:20]} Ra8 {[%emt 0:04:22]} 35. a5 $6 {[%emt 0:03:30] Too
ambitious and looking for trouble actually.} bxa5 {[%emt 0:00:20]} 36. b6 {
[%emt 0:00:06]} Bd8 {[%emt 0:00:11]} 37. Rb1 {[%emt 0:01:57]} Rab8 {[%emt 0:02:
42]} 38. Ra2 {[%emt 0:01:46]} Bxb6 $1 {[%emt 0:05:33]} 39. Rab2 {[%emt 0:01:00]
} Bxe3 {[%emt 0:00:10]} (39... a4 40. Rxb6 $1 (40. c5 $2 dxc5 41. Bxc5 Bxc5 42.
Rxb7 Rxb7 43. Rxb7 a5 $1 {[%cal Gc5b4,Ga4a3]} 44. Rc7 Bb4 45. Rc2 a3 {[%cal
Gg6f5]} 46. g4 h4 47. Ke3 h3 48. Ke4 Be1 {[%cal Ge1g3,Gh3h2]} 49. Ra2 Bc3 $1
$19) (40. Bxb6 a3 $17) 40... Rxb6 41. Rxb6 Rxb6 42. Bxb6 a3 43. Ba5 a2 44. Bc3
$11) 40. Rxb7 {[%emt 0:00:00]} Rxb7 {[%emt 0:00:00]} 41. Rxb7 {[%emt 0:00:17]}
Bc5 $15 {[%emt 0:00:30] Only Black can play here.} 42. Rb8 {[%emt 0:12:41]} a4
{[%emt 0:00:18]} 43. Kd1 {[%emt 0:10:44]} h4 {[%emt 0:05:09]} 44. Rg8+ {
[%emt 0:03:18]} Kf6 {[%emt 0:01:08]} 45. g4 {[%emt 0:02:29]} Bf2 {[%emt 0:18:
35]} (45... Bg1 {[%cal Gh4h2,Ge5e4,Gf6e5,Ge5f4]} 46. Rf8+ $1 (46. Rh8 e4 $1 47.
fxe4 Ke5) 46... Ke7 47. Rg8 Be3 48. Rg6 Bf4 49. Rh6 a3 50. Kc2 $11) (45... e4
46. fxe4 Ke5 47. Rf8 Kd4 48. Kc2 a3 49. Rf3 $11) 46. Rh8 {[%emt 0:02:17]} Kg7 {
[%emt 0:03:22]} 47. Rh5 {[%emt 0:00:19]} Kg6 {[%emt 0:02:59]} 48. Kc2 {[%emt 0:
03:10]} Bd4 {[%emt 0:01:21]} 49. Kb1 {[%emt 0:00:10]} a3 {[%emt 0:00:49]} 50.
Ka2 {[%emt 0:00:13]} Bb2 {[%emt 0:00:31]} 51. Kb3 {[%emt 0:00:24]} Bc1 {
[%emt 0:03:33]} 52. Ka2 {[%emt 0:00:16]} Bb2 {[%emt 0:03:32]} 53. Kb3 {[%emt 0:
00:13]} a5 {[%emt 0:00:08]} 54. Ka2 {[%emt 0:00:04]} a4 {[%emt 0:00:06]} 55.
Kb1 {[%emt 0:00:06]} Bd4 {[%emt 0:00:13]} 56. Ka2 {[%emt 0:00:09]} Bb2 {
[%emt 0:00:06]} 57. Kb1 {[%emt 0:00:04]} Bd4 {[%emt 0:00:05]} 1/2-1/2

[Event "Candidates Tournament"]
[Site "Khanty-Mansiysk"]
[Date "2014.03.27"]
[Round "12"]
[White "Anand, Viswanathan"]
[Black "Andreikin, Dmitry"]
[Result "1/2-1/2"]
[WhiteElo "2770"]
[BlackElo "2709"]
[Annotator "Roiz,M"]
[PlyCount "81"]
[EventDate "2014.03.13"]
[EventType "tourn"]
[EventRounds "14"]
[EventCountry "RUS"]
[EventCategory "21"]
[SourceTitle "CBM 160"]
[Source "ChessBase"]
[SourceDate "2014.05.15"]
[SourceVersion "1"]
[SourceVersionDate "2014.05.15"]
[SourceQuality "1"]

1. e4 c6 2. d4 d5 3. Nc3 dxe4 4. Nxe4 Bf5 5. Ng3 Bg6 6. h4 h6 7. Nf3 e6 8. Ne5
Bh7 9. Bd3 Bxd3 10. Qxd3 Nd7 {An interesting way to handle the opening. Black
delays the development of the Ng8 for a while. In some cases, keeping an
option of Ng8-e7 in mind.} 11. f4 Bb4+ 12. c3 Be7 13. Bd2 Ngf6 ({I can hardly
recommend the greedy} 13... Bxh4 $6 14. O-O-O Bxg3 15. Qxg3 Kf8 16. c4 $36) 14.
O-O-O O-O 15. Qf3 $1 {This is definitely the most dangerous plan. White
retains a lot of attacking ideas, such as f4-f5 and g2-g4-g5 (after removing
the knight from g3), while developing any serious counterplay on the opposite
side looks quite difficult at this moment. In my opinion, the character of the
position is quite unpleasant for Black, so it is not surprising, that the
World Champion didn't decide to repeat this system again in the match.} ({
Vishy deviates from} 15. Ne4 {which didn't pose Black any problems after} Nxe4
16. Qxe4 Nxe5 17. fxe5 Qd5 18. Qxd5 cxd5 19. h5 b5 20. Rh3 a5 21. Rf1 Rac8 22.
Rg3 Kh7 23. Rgf3 Kg8 24. Rg3 Kh7 25. Rgf3 Kg8 {1/2-1/2 Anand,V (2775)-Carlsen,
M (2870)/Chennai IND 2013}) 15... Qc7 16. c4 {An important move. Now White is
ready to meet 16...c6 by 17.d5.} a5 {This looks rather slow, but I can hardly
suggest anything better.} (16... c5 17. d5 Bd6 (17... exd5 18. Nf5 $40) 18.
Nxd7 Nxd7 19. Nh5 $40) (16... Rac8 17. Kb1 b5 18. Rc1 (18. c5 Nd5 19. Nh5 N7f6
20. Nxf6+ Bxf6 21. g4 Bxe5 22. fxe5 f6 23. exf6 Rxf6 24. Qe4 $14) 18... bxc4
19. Rxc4 c5 20. Rhc1 $14) 17. Kb1 Rad8 (17... a4 18. Ne2 h5 (18... c5 19. g4
cxd4 20. g5 $40) 19. Ng3 g6 20. f5 exf5 21. Nxf5 gxf5 22. Qxf5 $40) 18. Bc1 $1
{Completing the most flexible setup.} ({Correctly not hurrying with} 18. Ne2 h5
$1 19. Ng3 g6 $132) 18... a4 $146 {A novelty which doesn't solve Black's
problems.} (18... Rfe8 19. Ne2 (19. Rhe1 $5) 19... c5 (19... h5 $5) 20. g4 cxd4
21. g5 $40 {1-0 Topalov,V (2707)-Dreev,A (2676)/New Delhi/Teheran 2000/CBM 081/
[Lukacs] (44)}) 19. Rhe1 {Now the threat of 20.f5 is unpleasant, so Black is
under pressure.} (19. Rhf1 Bd6 $1 (19... c5 20. d5 Bd6 21. Nxf7 Kxf7 22. dxe6+
Kxe6 23. Rfe1+ Kf7 24. Nf5 Nb6 25. Qg3 Rg8 26. h5 $36) (19... Rfe8 20. Nh5 Nxh5
21. Qxh5 Rf8 (21... Nxe5 22. fxe5 Bf8 23. Rd3 g6 24. Qg4 h5 25. Qg5) 22. Rd3
Nf6 23. Qe2 Nd7 24. Rg3 $36) 20. Ne2 h5 21. g4 hxg4 22. Nxg4 Nxg4 23. Qxg4 f5
24. Qg6 Rf6 25. Qg2 Bf8 $132) 19... a3 ({The standard measures like} 19... Bd6
{are too slow:} 20. Ne2 c5 21. Nc3 cxd4 22. Nb5 Qb8 23. Nxd6 Qxd6 24. g4 $40) (
{I can only suggest} 19... Rfe8 $5 {as a possible improvement} 20. Ne2 h5 (
20... c5 21. g4 cxd4 22. g5 Nxe5 23. fxe5 Nd7 24. Nxd4 $40) 21. c5 g6 22. Nc3 {
The position still looks somewhat better for White, but it remains quite
complicated.}) 20. b3 Bb4 {A logical continuation of Black's previous play,
but Black can hardly make any use of his control over the dark squares around
the Kb1.} 21. Re3 $1 {As we can see, the rook would be very useful there.} ({
The modest} 21. Rf1 $6 {could be strongly met by} c5 22. Ne2 b5 $1 (22... h5
23. Nd3 Ng4 24. dxc5 Bxc5 25. Rfe1 Be7 26. Nc3 $14) 23. g4 (23. cxb5 Nxe5 24.
dxe5 Nd5 $44) 23... bxc4 24. Nxc4 (24. g5 cxb3 25. gxf6 bxa2+ 26. Kxa2 Nxf6
$132) 24... Nd5 25. g5 h5 $132) 21... c5 (21... Bd6 22. Red3 $14) 22. d5 $1
exd5 23. cxd5 $6 {This natural move is actually a loss of important time!} ({
A much stronger move would be} 23. Nf5 $1 d4 (23... dxc4 24. Rxd7 Rxd7 25. Qg3
Ne8 (25... g6 26. Nxh6+ Kg7 27. f5 $18) 26. Nxc4 Qc6 27. Rxe8 Qf6 28. Re5 $16)
24. Re2 Kh8 25. g4 $40 {and Black's extra pawn doesn't help much - the attack
is very powerful.}) 23... Nb6 $1 24. Red3 ({Now} 24. Nf5 {is not strong
anymore and leads only to equality:} Nbxd5 25. Qg3 Nh5 26. Nxh6+ Kh7 27. Qg5
gxh6 28. Qf5+ Kg7 29. Rxd5 Rxd5 30. Qxh5 Rd6 31. Rg3+ Kh7 32. Qf5+ Kh8 33. Ng6+
Rxg6 34. Rxg6 fxg6 35. Qxf8+ Kh7 $11) 24... Qc8 $2 {A very bad decision by
Dmitry. Letting White push such a strong pawn forward could lead to a fatal
result.} ({At the same time, after} 24... Nbxd5 $1 25. Rxd5 Rxd5 26. Rxd5 Nxd5
27. Qxd5 Rd8 {Andreikin could change the unpleasant character of play. For
instance, after} 28. Qc4 (28. Qf3 f6 29. Nc4 Qe7 30. Nxa3 Bxa3 31. Bxa3 Qe1+
32. Bc1 Rd1 33. Ne2 Qd2 34. Qe4 Re1 35. Qe8+ Kh7 36. Qe4+ $11) 28... Rd1 (28...
Rd4 $5) 29. Ne4 Rd4 30. Qc2 f6 $132 {White is not yet risk-free.}) 25. d6 Rfe8
$6 {Too slow. Now White is totally winning.} ({A pawn sacrifice was called for:
} 25... Qe6 26. Qxb7 c4 27. Nxc4 Rb8 28. Qa6 Nxc4 29. Qxc4 Qxc4 30. bxc4 Bxd6+
31. Kc2 Bc7 $16 {and Black has some drawing chances due to the weakness of
White's pawns.}) 26. Nh5 $1 $18 Re6 ({Or} 26... Qf5 27. Nxf6+ Qxf6 28. Qxb7 Rb8
29. d7 Red8 30. Qc6 Qxh4 31. Rh3 Qe7 32. Re3 $18) (26... Nxh5 27. Qxh5 Qe6 28.
d7 $18) 27. Nxf6+ ({Missing} 27. d7 $1 Qc7 (27... Nbxd7 28. Nxf6+ Rxf6 29. Nxd7
$18) (27... Nfxd7 28. Qg4 g6 29. Nxf7 Kxf7 30. f5 $18) 28. f5 Rxe5 29. Nxf6+
gxf6 30. Bxh6 $18) 27... Rxf6 28. d7 Qc7 29. Qg4 $1 {Now Black's pieces are
stuck on the queenside and cannot help their monarch.} c4 {A desperate attempt
to create any kind of counterplay.} 30. Rg3 g6 31. h5 cxb3 32. Rxb3 Na4 {
This sacrifice is necessary.} 33. hxg6 fxg6 (33... Nc3+ 34. Rxc3 Bxc3 35. gxf7+
Kh7 36. Qg8+ Rxg8 37. fxg8=Q+ Kxg8 38. d8=Q+ $18) 34. Rxb4 (34. Rd4 {was also
good enough:} Nc3+ 35. Ka1 Nd5 36. Rc4 Bc5 37. Bxa3 $18) 34... Nc3+ 35. Kc2 (
35. Ka1 $2 Nxd1 36. Rc4 Qd6 $14) 35... b5 $5 {The best practical chance. Black
is trying to complicate matters.} (35... Nxd1+ 36. Rc4 Qd6 37. Qxd1 $18) 36.
Kb3 {A human move.} ({However, there are at least 2 other winning possibilites:
} 36. Rc4 bxc4 37. Kxc3 Qa5+ 38. Kxc4 (38. Kc2 Qa4+ 39. Kd2 Qb4+ 40. Ke2 Qb1
41. Qf3 Qxa2+ 42. Rd2 $18) 38... Qa4+ 39. Kc3 Qa5+ 40. Kd3 Qb5+ 41. Ke3 Qc5+
42. Ke2 $18) (36. Bd2 Nxd1+ 37. Kxd1 $18) 36... Na4 37. Qf3 {This move is not
bad at all} ({but} 37. Bd2 {didn't require much calculating:} Nc5+ 38. Kxa3
Nxd7 39. Kb2 $18) 37... Nc5+ 38. Kc2 Na4+ 39. Kb3 {Accepting a draw in such a
winning position is quite surprising, but I guess Vishy was tired after a long
game, so he decided to avoid any unnecessary risk in such an excellent
tournament situation. In fact, the loss of half a point in this game didn't
have any influence on Vishy, as he managed to win the tournament in great
style!} ({Still, the winning lines were not trivial, but not too difficult for
such a great player:} 39. Rc4 bxc4 40. Bxa3 Kh7 41. Be7 Qb8 42. Qa3 Qb7 43.
Bxd8 Qe4+ 44. Kc1 Qxf4+ 45. Kb1 Qf5+ 46. Nd3 cxd3 47. Qxd3 $18) ({Or} 39. Kd2
Qd6+ 40. Nd3 Rf7 (40... Rxd7 41. Bxa3 Nb2 42. Rxb2 Qxa3 43. Kc1 Rfd6 44. Nf2
$18) (40... Nc5 41. Rxb5 Nxd3 42. Rd5 $18) 41. Bxa3 Rfxd7 42. Rb3 Qf6 43. Rc1
b4 44. Bxb4 Nb2 45. Rcc3 Nxd3 46. Rxd3 Rxd3+ 47. Rxd3 Qb2+ 48. Kd1 Qb1+ 49. Ke2
Re8+ 50. Re3 Rxe3+ 51. Qxe3 Qxb4 52. Qb3+ $18) 39... Nc5+ 40. Kc2 Na4+ 41. Kb3
1/2-1/2